| 000 | 00702nam a22002057a 4500 | ||
|---|---|---|---|
| 005 | 20140303102025.0 | ||
| 010 | _aB-514812-818 | ||
| 020 |
_a9780143416067 _c99.00 |
||
| 035 | _aB-514812-818 | ||
| 037 |
_bBBB/Ven _adpl |
||
| 082 | _a303.490954 | ||
| 100 | _aA.P.J. Abdul Kalam | ||
| 245 |
_aBuilding A New India / _cby A.P.J. Abdul Kalam [and] Y.S. Rajan |
||
| 260 |
_aNew Delhi _bPenguin Books India _c2011 |
||
| 270 |
_a11 Community Centre, Panchsheel park _bNew Delhi _e110017 |
||
| 300 |
_a150p. _c20cm(pbk) |
||
| 700 | _aRajan, Y. S. | ||
| 942 |
_2ddc _cCH _mKAL _h303.490954 |
||
| 999 |
_c78547 _d78547 |
||